| 000 | 00552nam a2200145Ia 4500 | ||
|---|---|---|---|
| 008 | 170221s9999 xx 000 0 und d | ||
| 100 | _aTatyana N. Shatalova | ||
| 245 | _aControlling System as a Key Factor Energy Management of an Industrial Enterprise | ||
| 245 | _cTatyana N. Shatalova, Marina V. Chebykina, Tatyana V. Zhirnova, Elena Yu. Bobkova | ||
| 260 | _bInternational Review of Management and Marketing | ||
| 260 | _c2016 | ||
| 300 | _a6 : 1S | ||
| 650 | _xMarketing. | ||
| 856 | _uhttp://www.econjournals.com/index.php/irmm/issue/view/70 | ||
| 999 |
_c308161 _d308161 |
||